Ciencia y espiritualidad. Una integración cuántica
-д хадгалсан:
| Үндсэн зохиолч: | |
|---|---|
| Бусад зохиолчид: | |
| Формат: | Үл мэдэгдэх |
| Хэл сонгох: | англи |
| Хэвлэсэн: |
Barcelona, España:
Kairós,
2011
|
| Нөхцлүүд: | |
| Шошгууд: |
Шошго нэмэх
Шошго байхгүй, Энэхүү баримтыг шошголох эхний хүн болох!
|
MARC
| LEADER | 00000 a2200000 4500 | ||
|---|---|---|---|
| 003 | CL-VaPUC | ||
| 005 | 20220224165340.0 | ||
| 008 | 201112b ||||| |||| 00| 0 eng d | ||
| 999 | |c 431961 |d 431959 | ||
| 020 | |a 9788472458994 | ||
| 040 | |c Pontificia Universidad Católica de Valparaíso | ||
| 082 | |a 294.5 GOS 2011 | ||
| 100 | |a Goswami, Amit |9 857279 | ||
| 245 | |a Ciencia y espiritualidad. |b Una integración cuántica | ||
| 260 | |a Barcelona, España: |b Kairós, |c 2011 | ||
| 300 | |a 213 páginas | ||
| 583 | |k Cristina Rojas |c 20201112 | ||
| 650 | |a Vida espiritual |x Hinduismo |9 858496 | ||
| 650 | |a Mecánica cuántica |x Aspectos religiosos |9 858497 | ||
| 700 | |a Goswami, Maggie |9 858498 | ||
| 852 | |a BIBCUR | ||
| 942 | |2 ddc |c BK | ||
| 952 | |0 0 |1 0 |2 ddc |4 0 |6 294_500000000000000_GOS_2011 |7 0 |8 A |9 576890 |a BIBTEO |b BIBTEO |d 2020-11-12 |e 3 |g 17634.00 |i 5577373 |o 294.5 GOS 2011 |p 5577373 |r 2025-01-17 |t 1 |v 17634.00 |w 2020-11-12 |y BK |k ICR | ||
| 952 | |0 0 |1 0 |2 ddc |4 0 |6 294_500000000000000_GOS_2011 |7 0 |8 A |9 577189 |a BIBTEO |b BIBTEO |d 2020-12-16 |e 3 |g 20828.00 |i 5580293 |o 294.5 GOS 2011 |p 5580293 |r 2025-01-17 |t 2 |v 20828.00 |w 2020-12-16 |y BK |k ICR | ||